BIBLIOTHÈQUE DE LA MAISON DU MEXIQUE

Logo 1 Logo 2

Norma lingüística sevillana y español de América (notice nᵒ 12250)

détails MARC
000 -Sello discográfico
campo de control de longitud fija 01063nam a2200313 4500
005 - Identificación de versión
campo de control 20251016083148.0
010 ## - Número Estándar Internacional de Libros (ISBN)
Número (ISBN) 84-7232-545-8
035 ## - Otros números de control del sistema
Número de control del sistema 27464
099 ## - fechas locales
Tipo de ítem Koha LIBRO
100 ## - Datos de procesamiento general
Datos de procesamiento general 20010102d1990 m y1spay5003 ba
105 ## - Campo de datos codificados: Material textual, monográfico
Datos codificados de monografía y 001zy
200 1# - Título y mención de responsabilidad
Título propio Norma lingüística sevillana y español de América
Designación general del material texto impreso
Primer mención de responsabilidad Manuel Alvar
210 ## - Publicación, distribución, etc.
Lugar de publicación, distribución, etc. Madrid
Nombre del editor, distribuidor, etc. Ediciones de Cultura Hispánica
-- Agencia Española de Cooperación Internacional
Fecha de publicación, distribución, etc. 1990
215 ## - Descripción física
Designación de material específico y extensión del ítem 244 p
Dimensiones 24 cm
345 ## - Nota de información de adquisición
Fuente de adquisición/dirección de la suscripción [OBSOLETO] Intercambio
410 #1 - Series
Título Lingüística
606 ## - Término temático usado como materia
Elemento de entrada Castellano
Subdivisión temática Dialectos
Subdivisión geográfica Andalucía
Número Koha 18886
606 ## - Término temático usado como materia
Elemento de entrada Español (Idioma)
Subdivisión temática Provincialismos
Subdivisión geográfica Guatemala
Número Koha 18887
606 ## - Término temático usado como materia
Elemento de entrada Español (Idioma)
Subdivisión temática Provincialismos
Subdivisión geográfica México
Número Koha 1467
660 ## - Código de área geográfica
Código MX
700 ## - Nombre personal - Responsabilidad primaria
Elemento de entrada Alvar López
Parte del nombre distinta del elemento de entrada Manuel
Fechas 1923-2001
Número Koha 4780
801 #0 - Fuente de origen
Agencia cm
900 ## -
-- 1/901
900 ## -
-- 7100112683\020101
942 ## - ELEMENTOS DE ENTRADA SECUNDARIOS (KOHA)
Tipo de ítem Koha Livre
996 ## -
-- MEX
-- 751145101
-- MMAG
-- 007664
-- 467.8 A472N
-- 20230314LIV
Exemplaires
Estatus retirado Estado de daño Estado de pérdida Fecha de adquisición Biblioteca de origen Biblioteca actual Ubicación en estantería Código de barras Precio de reemplazo Signatura topográfica completa No para préstamo Tipo de ítem Koha Nota pública Nota no pública
      05/08/2025 Casa México Paris Casa México Paris   007664 05/08/2025 467.8 A472N   Livre 20230314LIV 751145101